| 000 | 00897nmm a2200277 a 4500 | ||
|---|---|---|---|
| 001 | ocm000700993 | ||
| 003 | TR-IsHL | ||
| 005 | 20201028125227.0 | ||
| 008 | 110704s1930 tu tur | ||
| 007 | cr cn | ||
| 035 |
_a700993 _b(N$T) |
||
| 050 | 0 | 4 |
_aHF3756.5 _bB56 1930 |
| 090 | 0 | 4 |
_aHF3756.5 _bB56 1930 |
| 245 | 1 | 0 |
_a1930 oda kongrası kararları _h[electronic resource] |
| 250 | _a1. bs. | ||
| 260 |
_aİstanbul : _bİstanbul Ticaret ve Sanayi Odası, _c1930 |
||
| 300 | _a131 p. | ||
| 650 | 4 | _aEkonomi ve Finans | |
| 650 | 4 | _aEconomics and Finance | |
| 650 | 0 |
_aİhracat pazarlaması _x Türkiye |
|
| 650 | 0 |
_aExport marketing _x Turkey |
|
| 650 | 0 |
_aTürkiye _x Ticaret |
|
| 650 | 0 |
_aTurkey _x Commerce |
|
| 650 | 7 |
_aBUSINESS & ECONOMICS / Exports & Imports _2bisacsh |
|
| 856 | 4 | 0 | _uhttp://search.ebscohost.com/login.aspx?direct=true&scope=site&db=e011xww&AN=700993 |
| 999 |
_c3371 _d3371 |
||